000
00352nam a2200145Ia 4500
100
_a
Indian Society for Technical Eduaction
650
_a
Carpentery
942
_c
BK
654
_a
Institutional Development
245
_a
Institutional Development Series Prensentation Skill
260
_b
ISTE
300
_a
52
546
_a
ENGLISH
999
_c
18750
_d
18750